[Event "Plymouth (MI Op/5/76)"]
[Site "?"]
[Date "1984.??.??"]
[Round "?"]
[White "Leonard, K.."]
[Black "Johnson, B.."]
[Result "0-1"]
[WhiteElo "1605"]
[BlackElo "1605"]
[PlyCount "74"]
[EventDate "1984.??.??"]

{5/(76)} 1. c4 Nf6 2. Nc3 g6 3. Nf3 Bg7 4. g3 d6 5. Bg2 O-O 6. O-O e5 7. d3
Nbd7 8. Bd2 Re8 9. Ng5 h6 10. Nge4 Nxe4 11. Nxe4 f5 12. Nc3 c6 13. b4 Nf6 14.
Rc1 e4 15. a3 d5 16. cxd5 Nxd5 17. dxe4 Nxc3 18. Bxc3 Qxd1 19. Rfxd1 Bxc3 20.
Rxc3 fxe4 21. e3 Bf5 22. Rc2 Rad8 23. Rcd2 Rd3 24. Rxd3 exd3 25. Bf1 Rd8 26.
Rd2 Be4 27. f4 h5 28. Kf2 Kf7 29. Bg2 Bxg2 30. Kxg2 b6 31. Kf3 c5 32. e4 c4 33.
Ke3 b5 34. h3 Kf6 35. g4 hxg4 36. h4 Rh8 37. Rh2 g3 0-1

[Event "Plymouth (MI Op/1b/32)"]
[Site "?"]
[Date "1984.??.??"]
[Round "?"]
[White "Leonard, K.."]
[Black "Dinda, B.."]
[Result "1-0"]
[WhiteElo "1605"]
[BlackElo "1605"]
[PlyCount "93"]
[EventDate "1984.??.??"]

1. c4 e5 2. Nc3 Nc6 3. Nf3 Bc5 4. e3 d6 5. d4 Bb4 6. d5 Bxc3+ 7. bxc3 Nce7 8.
e4 a5 9. Rb1 f5 10. exf5 Nxf5 11. Bd3 b6 12. O-O Nh4 13. Be4 Ng6 14. Qd3 N8e7
15. h4 Rf8 16. Ng5 Bf5 17. Bxf5 Rxf5 18. Ne6 Qd7 19. Nxg7+ Kf7 20. Nxf5 Qxf5
21. Qxf5+ Nxf5 22. g3 Rg8 23. Kh2 h5 24. Bg5 Nge7 25. a4 Nc8 26. Rb2 Kg6 27.
Re2 Re8 28. f4 e4 29. Rfe1 e3 30. Kg2 Re4 31. Kf3 Rxc4 32. Rxe3 Kf7 33. Rd3
Rxa4 34. g4 hxg4+ 35. Kxg4 Nfe7 36. h5 b5 37. h6 Ng6 38. Kf5 Nce7+ 39. Rxe7+
Nxe7+ 40. Bxe7 Ra1 41. Rh3 Rg1 42. h7 Rg8 43. hxg8=B+ Kxe7 44. Rh7+ Kf8 45. Be6
a4 46. Kf6 b4 47. Rh8# 1-0

[Event "East Detroit (MCO/5/32)"]
[Site "?"]
[Date "1984.??.??"]
[Round "?"]
[White "Leonard, K.."]
[Black "Corbeill, Joe"]
[Result "0-1"]
[WhiteElo "1605"]
[BlackElo "1675"]
[PlyCount "72"]
[EventDate "1984.??.??"]

{5/(32)} 1. c4 Nf6 2. Nc3 c5 3. Nf3 Nc6 4. d4 cxd4 5. Nxd4 Qb6 6. e3 d6 7. Be2
Bd7 8. O-O g6 9. Qb3 Qxb3 10. axb3 Bg7 11. Ncb5 O-O 12. Bf3 a6 13. Nc3 Rab8 14.
Nxc6 Bxc6 15. Bxc6 bxc6 16. Rxa6 Rfc8 17. Ra3 Rb7 18. Bd2 Rcb8 19. Rc1 Rxb3 20.
Rxb3 Rxb3 21. Rc2 Nd7 22. Na4 Kf8 23. Kf1 Ke8 24. Bc3 Bxc3 25. Rxc3 Rb4 26. b3
Kd8 27. Nb2 Nc5 28. Ke2 Rxb3 29. Rxb3 Nxb3 30. Kd3 Nc5+ 31. Ke2 Kc7 32. Nd3 Nb3
33. f3 Kb6 34. Kd1 Na5 35. c5+ dxc5 36. Kc2 Nc4 0-1

[Event "East Detroit (MCO/2/28)"]
[Site "?"]
[Date "1984.??.??"]
[Round "?"]
[White "Leonard, K.."]
[Black "Coleman, John"]
[Result "1/2-1/2"]
[WhiteElo "1605"]
[BlackElo "1760"]
[PlyCount "61"]
[EventDate "1984.??.??"]

{2/(28)} 1. c4 Nf6 2. Nc3 e6 3. e4 d6 4. d4 Be7 5. Nf3 O-O 6. Bd3 c5 7. dxc5
dxc5 8. e5 Nfd7 9. h4 Nc6 10. Bxh7+ Kh8 11. Bf4 Ndxe5 12. Nxe5 Qxd1+ 13. Rxd1
Nxe5 14. Bxe5 Kxh7 15. Ne4 b6 16. Bd6 Re8 17. f3 Bb7 18. Kf2 f5 19. Ng5+ Bxg5
20. hxg5+ Kg6 21. f4 Rh8 22. a3 Rxh1 23. Rxh1 Rd8 24. Rd1 Be4 25. Rd2 a6 26. b4
cxb4 27. Bxb4 Rxd2+ 28. Bxd2 Bd3 29. Be3 Bxc4 30. Bxb6 Kf7 31. Ke3 1/2-1/2

[Event "Plymouth (MI Op/7/8)"]
[Site "?"]
[Date "1984.??.??"]
[Round "?"]
[White "Lehotzky, Attila"]
[Black "Wygrecki, J.."]
[Result "0-1"]
[WhiteElo "2020"]
[BlackElo "2135"]
[PlyCount "178"]
[EventDate "1984.??.??"]

{7/(8)} 1. d4 Nf6 2. c4 g6 3. Nc3 Bg7 4. Nf3 O-O 5. g3 d6 6. Bg5 h6 7. Bd2 Nc6
8. Bg2 e5 9. dxe5 dxe5 10. O-O e4 11. Ne1 Qe7 12. Qc1 Kh7 13. Nc2 Bf5 14. Ne3
Nd4 15. Nxf5 Nxf5 16. e3 Rad8 17. Qc2 Nd6 18. b3 Rfe8 19. Rad1 c6 20. Ne2 Nd7
21. Bb4 c5 22. Ba3 b6 23. Nf4 f5 24. Bb2 Ne5 25. Bxe5 Bxe5 26. Nd5 Qg5 27. Qe2
h5 28. h4 Qh6 29. Rd2 Nf7 30. Rfd1 g5 31. hxg5 Qxg5 32. Nf4 h4 33. Rxd8 Rxd8
34. Rxd8 Nxd8 35. gxh4 Qxh4 36. Qh5+ Qxh5 37. Nxh5 Kg6 38. Ng3 Bxg3 39. fxg3
Nc6 40. g4 Nb4 41. gxf5+ Kxf5 42. a4 Nc2 43. Kf2 Na1 44. Bh3+ Ke5 45. Ke1 Nxb3
46. Kd1 Na5 47. Bf1 Kf5 48. Bh3+ Ke5 49. Bf1 Nb7 50. Kd2 Nd6 51. Kc3 Kf5 52.
Bh3+ Kg5 53. Be6 Kh4 54. Kd2 Kg3 55. Ke2 Kg2 56. Bd5 Kg3 57. Be6 Ne8 58. Bf5
Nf6 59. Bg6 Kg4 60. Kf2 Kg5 61. Bf7 Kf5 62. Ke2 Ng4 63. Bg8 Ne5 64. Kd2 Kg4 65.
Ke2 Nd3 66. Bh7 Nb2 67. Bxe4 Nxc4 68. Bc6 Kf5 69. e4+ Kf4 70. Bd5 Ne5 71. Kd2
Kg5 72. Ke3 Kf6 73. Bb7 Ke6 74. Bd5+ Ke7 75. Kd2 Kd6 76. Kc3 Nc6 77. Kc4 a6 78.
Bg8 Ne5+ 79. Kc3 b5 80. axb5 axb5 81. Ba2 Nd7 82. Kd3 Nf6 83. Bb1 Ke5 84. Ke3
Ne8 85. Ba2 c4 86. Bb1 Nd6 87. Bc2 b4 88. Bb1 b3 89. Kf3 Nb5 0-1

[Event "East Detroit (MCO/4/17)"]
[Site "?"]
[Date "1984.??.??"]
[Round "?"]
[White "Lehotzky, Attila"]
[Black "Sprague, A.."]
[Result "1-0"]
[WhiteElo "2020"]
[BlackElo "1730"]
[PlyCount "121"]
[EventDate "1984.??.??"]

{4/(17)} 1. d4 Nf6 2. c4 g6 3. Nc3 Bg7 4. e4 d6 5. f4 O-O 6. Nf3 c5 7. d5 e6 8.
dxe6 Bxe6 9. Be2 a6 10. O-O Qc7 11. Qc2 Nc6 12. f5 Nd4 13. Nxd4 cxd4 14. fxe6
dxc3 15. exf7+ Rxf7 16. bxc3 Qc5+ 17. Kh1 Raf8 18. Bf3 Qe5 19. Rg1 g5 20. Be3
g4 21. Bd4 Qh5 22. Be2 Re8 23. Bxf6 Rxf6 24. Rgf1 Rh6 25. h3 Qh4 26. Rf4 Rg6
27. Qd3 Be5 28. Rxg4 Rxg4 29. Bxg4 h5 30. Bf5 Qf4 31. g3 Qf2 32. Rf1 Qc5 33.
Bg6 Rf8 34. Rxf8+ Kxf8 35. Qf3+ Ke7 36. Qf7+ Kd8 37. Bf5 Qc6 38. Qxh5 Qxc4 39.
Qg5+ Kc7 40. Qe3 Qxa2 41. h4 Qa1+ 42. Kg2 Qxc3 43. Qxc3+ Bxc3 44. g4 Kd8 45. g5
b5 46. Kf3 Ke7 47. Bc8 a5 48. Ba6 b4 49. Bb5 b3 50. Ba4 b2 51. Bc2 a4 52. Kg4
Kf7 53. Bb1 Kg7 54. h5 Be5 55. Kf5 Kh7 56. Ba2 Kg7 57. Bb1 Kh7 58. Ke6 Kg7 59.
Ke7 Kg8 60. h6 Bf4 61. Kf6 1-0

[Event "Plymouth (MI Op/5/27)"]
[Site "?"]
[Date "1984.??.??"]
[Round "?"]
[White "Lehotzky, Attila"]
[Black "Robinson, Dave"]
[Result "1-0"]
[WhiteElo "2020"]
[BlackElo "1760"]
[PlyCount "69"]
[EventDate "1984.??.??"]

{5/(27)} 1. d4 Nf6 2. c4 c5 3. Nf3 e6 4. Bf4 cxd4 5. Nxd4 Bb4+ 6. Nd2 e5 7.
Bxe5 Ne4 8. N4b3 Nc6 9. Bf4 g5 10. Be3 Na5 11. Qc2 d5 12. O-O-O Bf5 13. Nd4
Bxd2+ 14. Bxd2 Nxc4 15. Bc3 Nxc3 16. Qxc3 Nb6 17. Nc6 bxc6 18. Qxh8+ Kd7 19.
Qxd8+ Rxd8 20. e3 Rb8 21. b3 a5 22. Bd3 Be6 23. Bxh7 f5 24. e4 fxe4 25. Bxe4 a4
26. f3 Kc7 27. Bc2 axb3 28. axb3 c5 29. Rhe1 Kd6 30. Rd2 c4 31. Rde2 Bd7 32.
Re5 cxb3 33. Bxb3 Rc8+ 34. Kd2 Ba4 35. Re6+ 1-0

[Event "East Detroit (MCO/2/15)"]
[Site "?"]
[Date "1984.??.??"]
[Round "?"]
[White "Lehotzky, Attila"]
[Black "Jonik, Henry"]
[Result "1-0"]
[WhiteElo "2020"]
[BlackElo "1710"]
[PlyCount "41"]
[EventDate "1984.??.??"]

{2/(15)} 1. d4 Nf6 2. c4 g6 3. Nc3 Bg7 4. Bf4 O-O 5. Nf3 d6 6. Qd2 Re8 7. O-O-O
Nc6 8. h3 Nh5 9. Bh6 Bh8 10. g4 Ng7 11. Ng5 Ne6 12. Nxe6 fxe6 13. e3 a6 14. Bg2
Rb8 15. h4 e5 16. d5 Na5 17. Qe2 Bd7 18. h5 g5 19. Be4 e6 20. Bxh7+ Kxh7 21.
Qd3+ 1-0

[Event "Plymouth (MI Op/2/6)"]
[Site "?"]
[Date "1984.??.??"]
[Round "?"]
[White "Lehotzky, Attila"]
[Black "Cooper, T.."]
[Result "1/2-1/2"]
[WhiteElo "2020"]
[BlackElo "2155"]
[PlyCount "41"]
[EventDate "1984.??.??"]

{2/(6)} 1. d4 Nf6 2. c4 g6 3. Nf3 Bg7 4. Nc3 O-O 5. Bg5 d6 6. Qd2 Nbd7 7. h4 c5
8. d5 Qa5 9. h5 a6 10. hxg6 fxg6 11. Bh6 Rf7 12. Bxg7 Rxg7 13. Ng5 b5 14. Ne6
Rf7 15. Ng5 Rg7 16. cxb5 axb5 17. e4 b4 18. Ne2 Ne5 19. Nf4 Nf7 20. Nxf7 Rxf7
21. f3 1/2-1/2

[Event "Plymouth (MI Op/3/24)"]
[Site "?"]
[Date "1984.??.??"]
[Round "?"]
[White "Lehotzky, Attila"]
[Black "Basas, J.."]
[Result "1-0"]
[WhiteElo "2020"]
[BlackElo "1605"]
[PlyCount "69"]
[EventDate "1984.??.??"]

{3/(24)} 1. d4 d5 2. Nf3 Bf5 3. Bf4 e6 4. e3 Nf6 5. c4 Bb4+ 6. Nbd2 Ne4 7. a3
Ba5 8. b4 c6 9. Nxe4 dxe4 10. Ne5 Bc7 11. g4 Bg6 12. h4 f6 13. Nxg6 hxg6 14.
Bxc7 Qxc7 15. g5 f5 16. Rc1 Nd7 17. d5 O-O-O 18. d6 Qb8 19. c5 a6 20. Qa4 Ne5
21. Be2 Kd7 22. Qb3 Nf7 23. Kd2 Rhe8 24. Qc3 Kc8 25. Kc2 Rd7 26. Bc4 Nd8 27. h5
b5 28. Bb3 gxh5 29. Rxh5 Qa7 30. g6 a5 31. Rch1 Nb7 32. Rh8 Rdd8 33. Rxe8 Rxe8
34. Qxg7 Qb8 35. d7+ 1-0

[Event "Plymouth (MI Op/1a/5)"]
[Site "?"]
[Date "1984.??.??"]
[Round "?"]
[White "Laren, Philip"]
[Black "Yahkind, Alex"]
[Result "1/2-1/2"]
[WhiteElo "2140"]
[BlackElo "1950"]
[PlyCount "53"]
[EventDate "1984.??.??"]

1. e4 c5 2. Nf3 e6 3. b3 d5 4. exd5 exd5 5. d4 Nf6 6. Bb5+ Bd7 7. Qe2+ Be7 8.
O-O O-O 9. Bxd7 Nbxd7 10. Nc3 Rc8 11. Bb2 Re8 12. Qb5 Qc7 13. Rad1 a6 14. Qd3
c4 15. Qf5 Nb6 16. Ne5 Bb4 17. Rc1 Bd6 18. f4 Ne4 19. Rf3 Nxc3 20. Bxc3 Bxe5
21. fxe5 Qd7 22. Qf4 Qe6 23. Rcf1 Rc7 24. Ba5 Rd7 25. Bxb6 Qxb6 26. Qg4 Qe6 27.
Qxe6 1/2-1/2

[Event "Plymouth (MI Op/3/14)"]
[Site "?"]
[Date "1984.??.??"]
[Round "?"]
[White "Laren, Philip"]
[Black "Skidmore, Mike"]
[Result "0-1"]
[WhiteElo "2140"]
[BlackElo "1905"]
[PlyCount "40"]
[EventDate "1984.??.??"]

{3/(14)} 1. e4 c5 2. Nf3 Nc6 3. Bb5 a6 4. Bxc6 dxc6 5. d3 Qc7 6. Nbd2 g6 7. O-O
Bg4 8. Nc4 Bg7 9. c3 O-O-O 10. Bg5 Nf6 11. Qe2 h6 12. Bh4 Nh5 13. Qe3 g5 14.
Bg3 Nf4 15. Kh1 e5 16. Rad1 h5 17. Bxf4 gxf4 18. Qxc5 Bxf3 19. gxf3 b5 20. Na3
Bf8 0-1

[Event "Plymouth (MI Op/5/21)"]
[Site "?"]
[Date "1984.??.??"]
[Round "?"]
[White "Laren, Philip"]
[Black "Bolda, Dan G"]
[Result "1-0"]
[WhiteElo "2140"]
[BlackElo "1860"]
[PlyCount "83"]
[EventDate "1984.??.??"]

{5/(21)} 1. e4 e6 2. d4 d5 3. e5 c5 4. c3 Ne7 5. Nf3 Nec6 6. Bd3 Nd7 7. O-O Be7
8. Nbd2 Qb6 9. dxc5 Nxc5 10. Bc2 Nd7 11. Re1 Qc7 12. Qe2 Nf8 13. Nb3 h6 14.
Nbd4 a6 15. h4 Bd7 16. Bf4 Rc8 17. Bd3 Qd8 18. Bg3 Ng6 19. Bxg6 fxg6 20. Qd3
Kf7 21. Ne2 g5 22. h5 Rf8 23. Qh7 Qe8 24. c4 dxc4 25. Rad1 Rh8 26. Qe4 Rf8 27.
Nc3 Kg8 28. Nd2 b5 29. Nf3 Bc5 30. Qe2 Nb4 31. Ne4 Nd3 32. Nxc5 Nxe1 33. Nxd7
Nxf3+ 34. gxf3 Rf5 35. Rd6 Rc7 36. Qd2 Kh7 37. Qd4 Rxf3 38. Qe4+ Rf5 39. Rxe6
Qf7 40. Nf6+ gxf6 41. Qxf5+ Kg8 42. Rxf6 1-0

[Event "Plymouth (MI Op/7/58)"]
[Site "?"]
[Date "1984.??.??"]
[Round "?"]
[White "Lahr, Fred"]
[Black "Steen, Harold"]
[Result "0-1"]
[WhiteElo "1605"]
[BlackElo "1620"]
[PlyCount "88"]
[EventDate "1984.??.??"]

{7/(58)} 1. e4 Nf6 2. e5 Nd5 3. d4 d6 4. exd6 cxd6 5. Bc4 Nf6 6. Nf3 g6 7. Nc3
Bg7 8. Bg5 O-O 9. Qd2 Nc6 10. O-O-O Na5 11. Bb3 Nxb3+ 12. axb3 Bg4 13. Qf4 Bxf3
14. Qxf3 Qa5 15. d5 Rac8 16. Kb1 Rc7 17. h4 Nh5 18. g4 Nf6 19. h5 Rfc8 20. Bd2
Nd7 21. hxg6 fxg6 22. Qe4 Nf8 23. f4 b5 24. b4 Qa6 25. Rh3 Rc4 26. Qxe7 Rxb4
27. f5 Qa3 28. b3 Rxb3+ 29. cxb3 Qxb3+ 30. Kc1 b4 31. f6 Qa3+ 32. Kc2 Qa2+ 33.
Kd3 Qc4+ 34. Ke3 Bxf6 35. Qxf6 Re8+ 36. Kf2 bxc3 37. Bxc3 Qe2+ 38. Kg3 Re3+ 39.
Kh4 g5+ 40. Qxg5+ Ng6+ 41. Qxg6+ hxg6 42. Rxe3 Qxe3 43. Re1 Qxc3 44. Re8+ Kf7
0-1

[Event "Plymouth (MI Op/6/64)"]
[Site "?"]
[Date "1984.??.??"]
[Round "?"]
[White "Lahr, Fred"]
[Black "LaBoda, M.."]
[Result "1/2-1/2"]
[WhiteElo "1605"]
[BlackElo "1605"]
[PlyCount "106"]
[EventDate "1984.??.??"]

{6/(64)} 1. e4 c6 2. d4 d5 3. e5 Bf5 4. h4 h6 5. c4 e6 6. a3 dxc4 7. Bxc4 Ne7
8. Nc3 Nd5 9. Nxd5 exd5 10. Bd3 Qc8 11. b4 Bxd3 12. Qxd3 Qg4 13. g3 Be7 14. Nf3
O-O 15. Nh2 Qh3 16. Qf1 Qe6 17. f4 Qg6 18. Qf3 f6 19. f5 Qh7 20. e6 Re8 21. h5
Bd6 22. Kf2 Na6 23. g4 Re7 24. Bf4 Rd8 25. Bxd6 Rxd6 26. Qg3 Rd8 27. Rac1 Nb8
28. Qc3 Kh8 29. Qc5 Rde8 30. Rhe1 b6 31. Qc2 Qg8 32. Nf3 Rc8 33. Re3 Qd8 34.
Rc3 Qd6 35. b5 Qf4 36. Rb1 Rec7 37. bxc6 Nxc6 38. Qd2 Qd6 39. Rbc1 Kg8 40. Kg2
Kf8 41. Nh4 Ne7 42. Ng6+ Nxg6 43. hxg6 Ke7 44. Rxc7+ Rxc7 45. Rxc7+ Qxc7 46.
Qb4+ Qd6 47. Qxd6+ Kxd6 48. Kf3 b5 49. Ke3 a5 50. Kd3 Ke7 51. Kc3 Kd6 52. Kb3
Ke7 53. a4 b4 1/2-1/2

[Event "Plymouth (MI Op/2/86)"]
[Site "?"]
[Date "1984.??.??"]
[Round "?"]
[White "Lahr, Fred"]
[Black "Fuson, J.."]
[Result "0-1"]
[WhiteElo "1605"]
[BlackElo "1605"]
[PlyCount "76"]
[EventDate "1984.??.??"]

{2/(86)} 1. e4 e5 2. Nf3 Nf6 3. Nc3 Bb4 4. d4 exd4 5. Nxd4 Qe7 6. f3 O-O 7. Be3
Qc5 8. Qd2 Bxc3 9. Qxc3 Qxc3+ 10. bxc3 Re8 11. c4 d6 12. Nb5 Na6 13. Rb1 d5 14.
cxd5 Nxd5 15. Bc4 Nxe3 16. Bd3 Nxg2+ 17. Kf2 Nf4 18. Ke3 Nxd3 19. cxd3 f5 20.
f4 fxe4 21. dxe4 Bf5 22. Nc3 Nc5 23. Rb4 a5 24. Rc4 b6 25. e5 Rad8 26. Nb5 Bd3
27. Rxc5 bxc5 28. Nxc7 Re7 29. Rd1 Rxc7 30. Rxd3 Rxd3+ 31. Kxd3 c4+ 32. Kc3 Kf7
33. f5 g6 34. fxg6+ hxg6 35. h4 Ke6 36. a4 Kxe5 37. Kc2 c3 38. Kc1 c2 0-1

[Event "Plymouth (MI Op/4/63)"]
[Site "?"]
[Date "1984.??.??"]
[Round "?"]
[White "Lahr, Fred"]
[Black "Foord, Allan"]
[Result "0-1"]
[WhiteElo "1605"]
[BlackElo "1725"]
[PlyCount "54"]
[EventDate "1984.??.??"]

{4/(63)} 1. e4 c5 2. Nf3 d6 3. d4 cxd4 4. Nxd4 Nf6 5. Nc3 a6 6. Bc4 e6 7. Bg5
Be7 8. f4 h6 9. Bxf6 Bxf6 10. Bb3 Nc6 11. Nxc6 bxc6 12. Qf3 Qc7 13. O-O-O Bb7
14. Rhe1 O-O 15. g4 c5 16. Rd2 Rad8 17. Kb1 c4 18. Ba4 Qa5 19. b3 Qxc3 20. Qxc3
Bxc3 21. Red1 Bxd2 22. Rxd2 cxb3 23. Bxb3 Bxe4 24. Bc4 a5 25. Rd4 d5 26. Bb5
Rb8 27. a4 Rfc8 0-1

[Event "Plymouth (MI Op/5/43)"]
[Site "?"]
[Date "1984.??.??"]
[Round "?"]
[White "LaBoda, M.."]
[Black "Key_Smith, G.."]
[Result "0-1"]
[WhiteElo "1605"]
[BlackElo "1805"]
[PlyCount "40"]
[EventDate "1984.??.??"]

{5/(43)} 1. d4 Nf6 2. c4 g6 3. Nf3 Bg7 4. Nc3 O-O 5. e4 d6 6. Bd3 Nbd7 7. O-O
e5 8. Be3 Ng4 9. h3 Nxe3 10. fxe3 c5 11. d5 Nf6 12. Nh2 h6 13. Be2 Kh7 14. Qe1
Ng8 15. Rf3 f5 16. Qf2 Bd7 17. Rf1 a6 18. Bd3 f4 19. exf4 exf4 20. Rxf4 Bd4 0-1

[Event "Plymouth (MI Op/2/30)"]
[Site "?"]
[Date "1984.??.??"]
[Round "?"]
[White "LaBoda, M.."]
[Black "Jarosz, Stan"]
[Result "0-1"]
[WhiteElo "1605"]
[BlackElo "2035"]
[PlyCount "46"]
[EventDate "1984.??.??"]

{2/(30)} 1. c4 e6 2. Nc3 d5 3. cxd5 exd5 4. d4 c6 5. Nf3 Bd6 6. g3 Bf5 7. Bg2
Nf6 8. O-O Nbd7 9. Bg5 h6 10. Bxf6 Qxf6 11. e3 g5 12. Ne2 h5 13. h3 g4 14. hxg4
hxg4 15. Nd2 O-O-O 16. f3 gxf3 17. Nxf3 Qg6 18. Nh4 Rxh4 19. gxh4 Rg8 20. Rf2
Be4 21. Qf1 Qg4 22. Nc3 Qxh4 23. Nxe4 Qh2# 0-1

[Event "Plymouth (MI Op/7/59)"]
[Site "?"]
[Date "1984.??.??"]
[Round "?"]
[White "LaBoda, M.."]
[Black "Golonka, Stan"]
[Result "1-0"]
[WhiteElo "1605"]
[BlackElo "1605"]
[PlyCount "100"]
[EventDate "1984.??.??"]

{7/(59)} 1. d4 d5 2. c4 c6 3. c5 Nf6 4. Nf3 g6 5. Bf4 Bg7 6. e3 Bg4 7. Be2 Nbd7
8. O-O Nh5 9. Bg5 O-O 10. h3 Be6 11. Nh2 Nhf6 12. Nd2 Bf5 13. Rb1 Ne4 14. Nxe4
Bxe4 15. Bd3 Bxd3 16. Qxd3 f6 17. Bh4 Qe8 18. b4 e5 19. dxe5 Nxe5 20. Qe2 a6
21. Nf3 f5 22. Bg3 Nc4 23. Nd2 Na3 24. Rb3 Nb5 25. Rc1 Nd4 26. Qd1 Nxb3 27.
Qxb3 Be5 28. f4 Bf6 29. Re1 Qe7 30. e4 Kh8 31. exd5 Qf7 32. d6 Qxb3 33. Nxb3
Bc3 34. Re7 b6 35. Be1 Bf6 36. Rc7 bxc5 37. bxc5 Rfc8 38. Rf7 Bg7 39. Bh4 Rf8
40. Rxf8+ Rxf8 41. d7 g5 42. Bxg5 h6 43. d8=Q Rxd8 44. Bxd8 Kg8 45. Na5 Bd4+
46. Kf1 Bxc5 47. Nxc6 Bd6 48. g3 Kf7 49. Nd4 Ke8 50. Nxf5 Kxd8 1-0

[Event "Plymouth (MI Op/4/73)"]
[Site "?"]
[Date "1984.??.??"]
[Round "?"]
[White "LaBoda, M.."]
[Black "Fuson, J.."]
[Result "1-0"]
[WhiteElo "1605"]
[BlackElo "1605"]
[PlyCount "99"]
[EventDate "1984.??.??"]

{4/(73)} 1. d4 d5 2. c4 dxc4 3. Na3 Be6 4. e4 c6 5. Bxc4 Bxc4 6. Nxc4 g6 7. Nf3
e6 8. O-O Qc7 9. Re1 b5 10. Nce5 c5 11. Bf4 Qb6 12. Be3 f6 13. Nd3 cxd4 14.
Bxd4 Qc7 15. Qb3 Nc6 16. Qxe6+ Nge7 17. Rac1 Nxd4 18. Nxd4 Qb6 19. Qxb6 axb6
20. Nb4 Rd8 21. Nxb5 Rd2 22. Rc2 Rxc2 23. Nxc2 Nc6 24. Nc7+ Kf7 25. Rd1 Bc5 26.
Rd7+ Be7 27. Nd5 Ra8 28. a3 Ra5 29. Nxe7 Nxe7 30. b4 Ra8 31. f3 Ke6 32. Rd3 Rc8
33. Ne3 Nc6 34. Rc3 Kd7 35. Nd5 Ke6 36. b5 Ne7 37. Rxc8 Nxc8 38. Kf2 f5 39. Ke3
fxe4 40. fxe4 Nd6 41. Nxb6 Nxb5 42. a4 Ke5 43. Nc4+ Ke6 44. axb5 Kd7 45. Kd4
Kc7 46. Kc5 Kd7 47. e5 Kc7 48. e6 Kd8 49. Kd6 Ke8 50. b6 1-0

[Event "Plymouth (MI Op/7/46)"]
[Site "?"]
[Date "1984.??.??"]
[Round "?"]
[White "Kung, Fred"]
[Black "Zorn, G.."]
[Result "1-0"]
[WhiteElo "1750"]
[BlackElo "1605"]
[PlyCount "51"]
[EventDate "1984.??.??"]

{7/(46)} 1. e4 c5 2. Nf3 d6 3. d4 cxd4 4. Nxd4 Nf6 5. Nc3 a6 6. f4 e6 7. Nf3
Nc6 8. Bd3 b5 9. a3 Bb7 10. Qe2 Qc7 11. O-O Be7 12. e5 dxe5 13. fxe5 Nd7 14.
Ng5 Bxg5 15. Bxg5 Qxe5 16. Qh5 Qd4+ 17. Kh1 Nce5 18. Rf4 Qd6 19. Rd1 Qf8 20.
Be4 Bxe4 21. Nxe4 h6 22. Nd6+ Qxd6 23. Rxd6 g6 24. Qh4 Ra7 25. Bf6 g5 26. Qf2
1-0

[Event "Plymouth (MI Op/1a/22)"]
[Site "?"]
[Date "1984.??.??"]
[Round "?"]
[White "Kung, Fred"]
[Black "Haley, W.."]
[Result "1-0"]
[WhiteElo "1750"]
[BlackElo "1605"]
[PlyCount "30"]
[EventDate "1984.??.??"]

1. e4 d6 2. d4 Nf6 3. Nc3 g6 4. f4 Bg7 5. Nf3 Nbd7 6. e5 dxe5 7. dxe5 Nh5 8. g4
Nxf4 9. Bxf4 e6 10. Qd2 c6 11. O-O-O Qa5 12. Kb1 O-O 13. Ne4 Qc7 14. Nf6+ Nxf6
15. exf6 e5 1-0

[Event "Plymouth (MI Op/5/51)"]
[Site "?"]
[Date "1984.??.??"]
[Round "?"]
[White "Kung, Fred"]
[Black "Fraser, T.."]
[Result "0-1"]
[WhiteElo "1750"]
[BlackElo "1605"]
[PlyCount "120"]
[EventDate "1984.??.??"]

{5/(51)} 1. e4 Nf6 2. e5 Nd5 3. c4 Nb6 4. d4 d6 5. f4 dxe5 6. fxe5 Nc6 7. Be3
Bf5 8. Nc3 e6 9. Nf3 Nb4 10. Rc1 c5 11. a3 cxd4 12. Nxd4 Nc6 13. Nxf5 exf5 14.
Qf3 Qc7 15. Qxf5 Qxe5 16. Qxe5+ Nxe5 17. Bxb6 axb6 18. Nd5 Rd8 19. Nxb6 Bc5 20.
Nd5 O-O 21. Be2 Rfe8 22. Kd1 b5 23. b3 Bxa3 24. Ra1 Bb4 25. Kc2 Nc6 26. Bf3
Nd4+ 27. Kb2 Nxf3 28. gxf3 Re2+ 29. Kb1 Bd6 30. Ra2 Rde8 31. Rc2 bxc4 32. bxc4
Rb8+ 33. Kc1 Ba3+ 34. Kd1 Rb1+ 35. Kxe2 Rxh1 36. Kd3 Bc5 37. Ke4 f6 38. Nf4 Kf7
39. Nd3 Bd6 40. f4 Ke6 41. c5 Bc7 42. f5+ Ke7 43. Rg2 Kf7 44. Nb4 Rxh2 45. Rxh2
Bxh2 46. c6 Ke7 47. Nd5+ Kd8 48. Kf3 Be5 49. Ke4 g6 50. fxg6 hxg6 51. Kf3 f5
52. Ke3 Kc8 53. Kf3 Bd6 54. Ke3 g5 55. Kf3 g4+ 56. Kg2 f4 57. Kf2 f3 58. Ne3
Bc5 59. Kg3 Bxe3 60. Kxg4 f2 0-1

[Event "Plymouth (MI Op/3/61)"]
[Site "?"]
[Date "1984.??.??"]
[Round "?"]
[White "Kung, Fred"]
[Black "Engel, R.."]
[Result "1-0"]
[WhiteElo "1750"]
[BlackElo "1605"]
[PlyCount "57"]
[EventDate "1984.??.??"]

{3/(61)} 1. e4 e5 2. Nf3 Nc6 3. Bb5 Nd4 4. Bc4 h6 5. Bxf7+ Kxf7 6. Nxe5+ Ke7 7.
Ng6+ Ke8 8. Nxh8 Qg5 9. O-O d6 10. d3 Qh4 11. c3 Bg4 12. f3 Nxf3+ 13. gxf3 Bh3
14. Rf2 Be7 15. Ng6 Qh5 16. Nxe7 Nxe7 17. Kh1 Kd7 18. Qg1 Rf8 19. f4 Bg4 20.
Qg3 Ng6 21. Be3 Nh4 22. Nd2 g5 23. f5 Nxf5 24. exf5 Bxf5 25. Raf1 Bxd3 26. Rxf8
Bxf1 27. Rxf1 g4 28. Qf2 Qd5+ 29. Kg1 1-0

[Event "East Detroit (MCO/5/15)"]
[Site "?"]
[Date "1984.??.??"]
[Round "?"]
[White "Kulbacki, James"]
[Black "Turner, Darrell"]
[Result "1/2-1/2"]
[WhiteElo "1975"]
[BlackElo "1805"]
[PlyCount "108"]
[EventDate "1984.??.??"]

{5/(15)} 1. d4 Nf6 2. c4 c5 3. Nf3 cxd4 4. Nxd4 e6 5. Nc3 Bb4 6. Bd2 O-O 7. a3
Bxc3 8. Bxc3 d5 9. e3 Ne4 10. Bb4 Re8 11. Bd3 a5 12. Bxe4 axb4 13. Bd3 e5 14.
Nc2 d4 15. Be4 Qh4 16. Bd5 Nc6 17. Qf3 Be6 18. Bxc6 bxc6 19. Nxb4 e4 20. Qf4
Qxf4 21. exf4 Bxc4 22. Rc1 Bb5 23. Nxc6 Bxc6 24. Rxc6 Reb8 25. Rc2 d3 26. Rd2
Rb3 27. O-O Rc8 28. g4 Rc2 29. Rxc2 dxc2 30. Kg2 Rxb2 31. Rc1 Kf8 32. f5 Ke7
33. Kg3 Kd6 34. Kf4 Kd5 35. Ke3 Kc4 36. Kd2 Kb3 37. a4 Ra2 38. a5 Rxa5 39. Rxc2
Rd5+ 40. Kc1 Rd3 41. Rb2+ Kc3 42. Rc2+ Kd4 43. Ra2 Ke5 44. Ra7 Rf3 45. Rxf7
Rxf2 46. Rxg7 Rxh2 47. Re7+ Kd4 48. f6 e3 49. Kd1 Kd3 50. Rd7+ Ke4 51. f7 Rf2
52. Re7+ Kd3 53. Rd7+ Ke4 54. Re7+ Kd3 1/2-1/2

[Event "Battle Creek (Insanity/7/3)"]
[Site "?"]
[Date "1984.??.??"]
[Round "?"]
[White "Kulbacki, James"]
[Black "Moore, Robert"]
[Result "0-1"]
[WhiteElo "2000"]
[BlackElo "1750"]
[PlyCount "84"]
[EventDate "1984.??.??"]

{7/(3)} 1. d4 g6 2. c4 d6 3. e4 Bg7 4. Nc3 e5 5. dxe5 Bxe5 6. Nf3 Bg7 7. Be2
Nc6 8. Be3 Nf6 9. h3 O-O 10. O-O Re8 11. Qc2 Qe7 12. Nd5 Nxd5 13. exd5 Bf5 14.
Qc1 Nb4 15. Ne1 Qe5 16. g4 Qxb2 17. Qxb2 Bxb2 18. Rd1 Be4 19. Bf3 Bxf3 20. Nxf3
Bg7 21. Rb1 a5 22. a3 Nc2 23. Rxb7 Nxe3 24. fxe3 Rxe3 25. Rxc7 Rxa3 26. Ng5
Bd4+ 27. Kg2 Ra2+ 28. Kf3 Rf8 29. Ke4 Rf2 30. Rb1 Bc5 31. Rbb7 Re8+ 32. Ne6
fxe6 33. Rg7+ Kf8 34. Rxh7 exd5+ 35. Kxd5 Rd2+ 36. Kc6 Bd4 37. Kxd6 Be5+ 38.
Kc6 Rc8+ 39. Kb5 Rb2+ 40. Kxa5 Ra8+ 41. Ra7 Ra2+ 42. Kb6 Bd4+ 0-1

[Event "Battle Creek (Insanity/2/4)"]
[Site "?"]
[Date "1984.??.??"]
[Round "?"]
[White "Kulbacki, James"]
[Black "McAuliffe, Todd"]
[Result "1-0"]
[WhiteElo "2000"]
[BlackElo "1605"]
[PlyCount "63"]
[EventDate "1984.??.??"]

{2/(4)} 1. d4 Nf6 2. c4 e6 3. Nf3 d5 4. Nc3 Be7 5. Bg5 Nbd7 6. e3 O-O 7. cxd5
Nxd5 8. h4 Nxc3 9. bxc3 c6 10. Qc2 h6 11. Bd3 f5 12. Bf4 b6 13. Qb3 Kh8 14. Ng5
Nf6 15. Nxe6 Bxe6 16. Qxe6 Qd7 17. Bxf5 Qxe6 18. Bxe6 Nh5 19. Be5 Bf6 20. g4
Bxe5 21. dxe5 Nf4 22. exf4 Rxf4 23. O-O-O Rxf2 24. Rhf1 Rxa2 25. Bxa2 h5 26.
gxh5 Re8 27. e6 c5 28. Rf7 a5 29. Rdd7 b5 30. e7 b4 31. Rf8+ Rxf8 32. exf8=Q+
1-0